000 00325 a2200133 4500
000 nam a22 7a 4500
100 _aRobert Slavin
110 _aRobert Slavin
245 _aEducational Psychology: theory into practice
250 _alatest edition
260 _bPearson
_c2026
264 _bPearson
_c2026
942 _cBK
999 _c394809
_d394809